Investigación sobre estructura productiva en el Agro: café, caña y ganadería 1950-1976 /
Na minha lista:
| Autor principal: | |
|---|---|
| Outros Autores: | , |
| Formato: | Texto |
| Publicado em: |
San Pedro :
|
| Tags: |
Adicionar Tag
Sem tags, seja o primeiro a adicionar uma tag!
|
MARC
| LEADER | 00000 a a2200000 04500 | ||
|---|---|---|---|
| 001 | 15870 | ||
| 003 | |||
| 040 | |a CRAI/IIS |c CRAI/IIS | ||
| 090 | |a 019900 | ||
| 100 | |a Fernández Arias, Mario E. | ||
| 245 | |a Investigación sobre estructura productiva en el Agro: café, caña y ganadería 1950-1976 / |c Mario E. Fernández Arias | ||
| 260 | |a San Pedro : | ||
| 300 | |a 26 p. | ||
| 500 | |a informe de Avance | ||
| 700 | |a Dierckxsens, Wim | ||
| 700 | |a Solís Avendaño, Manuel Antonio | ||
| 999 | |c 4480 |d 4480 | ||
